000 00377nam a2200121Ia 4500
008 220204s9999 xx 000 0 und d
082 _a575:631.523(5-13)
_bSAA
100 _aHasanuzzaman, S M
245 0 _aPlant genetic resources in SAARC countries : Their conservation and management
260 _aBangladesh
_bSAIC
_c2003
650 _aPlant genetic conservation
942 _cBK
999 _c44108
_d44108